| 000 | 00521nam a22001577a 4500 | ||
|---|---|---|---|
| 020 | _a9781259062919 | ||
| 040 | _cNUST | ||
| 082 | _a620.105 BEE | ||
| 100 | _aBeer, Ferdinand P. | ||
| 110 |
_aJohnston, E. Russell. Mazurek, David F. Cornwell, Philip J. Sanghi, Sanjeev. Self, Brian P. _991898 |
||
| 245 |
_aVector Mechanics for Engineers: _bStatics and Dynamics |
||
| 250 | _a10th Edition | ||
| 260 |
_aNew Delhi: _bMcGraw Hill Education, _c2013. |
||
| 650 |
_aVector Mechanics for Engineers _991899 |
||
| 942 |
_2ddc _cBK |
||
| 999 |
_c590019 _d590019 |
||